| АИС "Историко-культурное наследие Беларуси" | ||
| Базовый | Расширенный | Профессиональный | Словарь персоналий | Тематический словарь | По видам объектов | История запросов Заказы | Регистрация | |
Запись в MARC-формате
| копировать MARC-запись |
=LDR 00000nx\\c2200241\\\45\\
=001 BY-NLB-ar2272624
=005 20160330095628.1
=100 \\$a20060328abely50\\\\\\ca0
=152 \\$apsbo
=160 \\$ae-bw
=215 \\$aКасцёл святога архангела Міхаіла (Луконіца, вёска; Зэльвенскі раён)
=300 1\$aПомнік архітэктуры позняга барока. Пабудаваны ў 1782 г. У 1990-х гг. знаходзіўся ў паўзруйнаваным стане, у 1994 г. адноўлены.
=356 \\$aЗнаходзіцца ў паўночна-ўсходняй частцы вёскі Луконіца Зэльвенскага раёна Гродзенскай вобласці.
=415 \\$aКасцёл святога Міхаіла архангела (Луконіца, вёска; Зэльвенскі раён)
=415 \\$aМіхайлаўскі касцёл (Луконіца, вёска; Зэльвенскі раён)
=515 \\$5w$3BY-NLB-ar2272623$aКостел святого архангела Михаила (Луконица, деревня; Зельвенский район)
=801 \2$aBY$bBY-HM0000$c20081229
=801 \0$aBY$bBY-HM0000$c20060328
=810 \\$aКаталіцкія храмы Беларусі : энцыкл. давед. – Мн., 2008.
=810 \\$aКаталіцкія храмы на Беларусі : энцыкл. давед. – Мн., 2000.
=810 \\$aРеспублика Беларусь : энциклопедия. Т. 4. – Мн., 2007. – С. 561.
=999 \\$g2786$t20081229
=999 \\$f449$t20060328
Чтобы вернуться назад, щелкните кнопку BACK на Вашем браузере